| 000 | 01824nam0a2200421 4500 | ||
|---|---|---|---|
| 001 | RU\NLR\bibl\329260 | ||
| 005 | 20250621144346.0 | ||
| 010 |
_a5-900270-54-8 _93000 |
||
| 021 |
_aRU _b2002-34982 _91708 |
||
| 035 | _a(NLR Aleph) 000324238 | ||
| 090 |
_a116514 _c116514 |
||
| 100 | _a20021016d2002 |||y0rusy50 ca | ||
| 101 | 0 | _arus | |
| 102 | _aRU | ||
| 105 | _aac ||||||||| | ||
| 200 | 1 |
_aНовотомниково _e[О бывшем имении графа И. И. Воронцова-Дашкова в с. Новотомниково Моршан. р-на Тамб. обл. _fЮ. А. Мизис, Л. Ю. Ивтихиева, В. А. Стручков и др. _gРедкол.: Ю. А. Мизис (науч. ред. ) и др.] |
|
| 210 |
_aВоронеж _cЦентр духов. возрождения Чернозем. края _d2002 |
||
| 215 |
_a157, [2] с. _cил., портр. _d20 |
||
| 300 | _aАвт. указаны на обороте тит. л. | ||
| 320 | _aБиблиогр. в примеч.: 153-157 | ||
| 606 | 0 |
_aУсадьбы _yТамбовская область _92264486 _3RU\NLR\auth\661357550 |
|
| 610 | 0 | _aАрхитектурные памятники | |
| 610 | 0 | _aУсадебная архитектура русская | |
| 610 | 0 | _aМоршанский р-н, Тамб. обл., история | |
| 675 |
_a94(470.326-22) _v3 _zrus |
||
| 686 |
_a03.19 _2rugasnti |
||
| 686 |
_a63.3(2Рос) _2rubbk |
||
| 686 | _aТ3(2Р-4Т) | ||
| 701 | 1 |
_aМизис _bЮ. А. _gЮрий Александрович _4070 |
|
| 701 | 1 |
_aИвтихиева _bЛ. Ю. _4070 |
|
| 701 | 1 |
_aСтручков _bЛ. А. _4070 |
|
| 801 | 0 |
_aRU _bRKP _c20021016 _gPSBO |
|
| 801 | 1 |
_aRU _bRKP _c20021016 |
|
| 801 | 2 |
_aRU _bNLR _c20021118 _grcr |
|
| 942 | _cBOOK | ||
| 980 | _aNB | ||